000 00718cam a22002175a 4500
001 L149925
008 100517e20100508xxk 000 0 eng d
035 _a(Sirsi) u149925
041 0 _aeng
100 1 _aCunningham, Daniel
245 0 0 _aFocus Hampshire and Dorset
260 _c2010
490 _aEstates Gazette
_v(1018) 8 May 2010, 81-89(7)
520 _aExtensive development of Southampton city centre. Regeneration of Bournemouth and Poole. Office, industrial and prime rents in Southampton, Poole, Bournemouth and Basingstoke.
590 _aKA
651 4 _aHampshire
651 4 _aDorset
690 _aPROPERTY-COMMERCIAL PROPERTY-COMMERCIAL PROPERTY MARKET
700 1 _aJack, Simon
942 _n0
999 _c82331
_d82331